| 000 | 00442nam a2200169 4500 | ||
|---|---|---|---|
| 001 | 5096 | ||
| 005 | 20181127174756.0 | ||
| 020 | 0 | 0 | _a9789993689980 |
| 090 | 0 | 0 | _a895.1 A435t 2015 |
| 100 | 0 | 0 | _aAllgower, Erik. |
| 245 | 0 | 0 |
_aTiger & monk : _bA Himalayan fiction / _cErik Allgower. _h |
| 250 | 0 | 0 | _a1st ed. |
| 260 | 0 | 0 |
_aThimphu : _bRiyang Books, _c2015. |
| 300 | 0 | 0 | _a273 p. ; 20 cm. |
| 650 | 0 | 0 |
_aFiction. _x |
| 651 |
_aBhutan -- Fiction. _v _x _y _z _2 |
||
| 999 |
_c4261 _d4261 |
||